000 00409nam a2200145Ia 4500
008 230917s9999||||xx |||||||||||||| ||und||
040 _e227654
_aMAIN
041 _aEnglish
082 _a363.7 Y11P
100 _aYadav, Sharmila
245 0 _aParyavaran privartan sankat evam paryavaran annrakshan ke antarrastriya prayas: Ek vishleshanatmak adhyayan
260 _c2013
300 _a195 p.
942 _cTH
999 _c126680
_d126680